[Event "Online Olym Disabilities"]
[Site "Tornelo INT"]
[Date "2020.11.22"]
[Round "2.27"]
[White "Bingol, Mehmet Ali"]
[Black "Soundarya, Kumar Pradhan"]
[Result "0-1"]
[WhiteElo "1318"]
[BlackElo "1746"]
[PlyCount "126"]
[EventDate "2020.11.21"]
[EventType "team-swiss (rapid)"]
[EventRounds "7"]
[EventCountry "NET"]
[SourceTitle "CBM 199 Extra"]
[Source "ChessBase"]
[SourceDate "2021.01.31"]
[SourceVersion "1"]
[SourceVersionDate "2021.01.31"]
[SourceQuality "1"]
[WhiteTeam "Turkey IV"]
[BlackTeam "India II"]
[WhiteTeamCountry "TUR"]
[BlackTeamCountry "IND"]

1. e4 e6 2. d4 d5 3. exd5 exd5 4. c4 Nf6 5. Nf3 Bb4+ 6. Bd2 Bxd2+ 7. Nbxd2 0-0 8. Bd3 Re8+ 9. Ne5 Nc6 10. Ndf3 Bg4 11. 0-0 Nxe5 12. dxe5 Rxe5 13. Be2 Re7 14. h3 Qe8 15. hxg4 Rxe2 16. g5 Ng4 17. Nd4 Re4 18. f3 Qe5 19. fxg4 Qxd4+ 20. Qxd4 Rxd4 21. cxd5 Rxd5 22. Rac1 c6 23. Rf5 Rad8 24. Rcf1 R8d7 25. R1f4 g6 26. Rf6 Rxg5 27. Rb4 Kg7 28. Rff4 c5 29. Ra4 b6 30. Kf2 Rgd5 31. b4 b5 32. Ra5 c4 33. Ra3 Rd2+ 34. Kg1 R2d3 35. Rf3 Rxf3 36. Rxf3 Rc7 37. Rc3 Kf6 38. Kf2 Kg5 39. Kf3 Rd7 40. Ke4 Kxg4 41. a4 Rd3 42. Rc1 a6 43. a5 Rb3 44. Kd4 Rxb4 45. Kc5 Rb3 46. Kb6 c3 47. Kxa6 b4 48. Kb7 Ra3 49. a6 Ra2 50. a7 Kf4 51. Rc2 Rxa7+ 52. Kxa7 Ke3 53. Kb6 Kd3 54. Rf2 c2 55. Rf3+ Ke2 56. Kb5 c1Q 57. Kxb4 f5 58. Kb3 f4 59. Kb4 g5 60. Kb3 g4 61. Rc3 Qxc3+ 62. Kxc3 f3 63. gxf3 gxf3 0-1